Skip to content
VuFind
All Fields
Title
Author
Subject
Call Number
ISBN/ISSN
Tag
Accession No
Find
Advanced
Basic & clinical biostatistics
Cite this
Print
Export Record
Export to RefWorks
Export to EndNoteWeb
Export to EndNote
Export to MARC
Basic & clinical biostatistics
Bibliographic Details
Format:
Book
Holdings
Description
Similar Items
Staff View
MARC
LEADER
00000nam a2200000 4500
001
0000000427
005
20200116093000.0
090
0
0
|a
duplicate data
245
0
0
|a
Basic & clinical biostatistics
|c
Beth Dawson, Robert G. Trapp
999
|a
1000172812
|b
CD-ROM
|c
Close Access
|e
Gong Badak Campus
Similar Items
Muslim women's dress hijab or niqab
IELTS practice tests
Instructor's materials to accompony systems analysis and design
test19112019
مستوى اللغة العربية في المدارس الدينية بكوالا ترنجانو